Statistics for General Historical Questions

Click here to take the quiz!

General Stats

  • This quiz has been taken 75 times
  • The average score is 7 of 15

Answer Stats

HintAnswer% Correct
What Napoleonic battle occurred in 1815?Waterloo
93%
Which British Admiral lost his life at Trafalgar?Nelson
79%
Which man was believed to me the main protagonist in the Gunpowder Plot to blow-up the U.K. Houses of Parliament?Guy Fawkes
75%
How many wives did Henry VIII have?Six
70%
In which country was the Boer War fought?South Africa
67%
By which name is T.E. Lawrence better known?Lawrence of Arabia
63%
In what country is the WWI battlefield of Gallipoli?Turkey
63%
In what year was Abraham Lincoln assassinated?1865
43%
In what year was Pan Am 103 brought down over Lockerbie, Scotland?1988
37%
What battle preceded it in 1812?Trafalgar
31%
In which British stately home was Winston Churchill born?Blenheim Palace
15%
Which play was he watching when he was shot?Our American Cousin
10%
What was the name of the last Emperor of China?Puyi
9%
Which German pocket-battleship was scuttled off Montevideo in WWII?Graf Spee
7%
How did the Japanese Imperial Battleship Yamato meet its end?Air attack
1%

Score Distribution

Percentile by Number Answered

Percent of People with Each Score

Your Score History

You have not taken this quiz